El México desconocido (Record no. 95052)

MARC details
000 -LEADER
campo de control de longitud fija 00765nam a2200205 i 4500
001 - NÚMERO DE CONTROL
campo de control 95052
003 - IDENTIFICADOR DE NÚMERO DE CONTROL
campo de control ES-MaACL
005 - FECHA Y HORA DE LA ÚLTIMA TRANSACCIÓN
campo de control 20230906181626.0
007 - CAMPO FIJO DE DESCRIPCIÓN FÍSICA--INFORMACIÓN GENERAL
campo de control de longitud fija t|
008 - DATOS DE LONGITUD FIJA--INFORMACIÓN GENERAL
campo de control de longitud fija 050520s1904 xxu ||||1| spa d
100 1# - ENTRADA PRINCIPAL--NOMBRE DE PERSONA
Nombre de persona Lumholtz, Carl.
9 (RLIN) 74742
245 13 - MENCIÓN DEL TÍTULO
Título El México desconocido
Resto del título : cinco años de explotación entre las tribus de la Sierra Madre Occidental... /
Mención de responsabilidad, etc. por Carl Lumholtz ; traducido al castellano por Balbino Dávalos.
260 ## - PUBLICACIÓN, DISTRIBUCIÓN, ETC.
Lugar de publicación, distribución, etc. Nueva York :
Nombre del editor, distribuidor, etc. Charles Scribner's Sons,
Fecha de publicación, distribución, etc. 1904.
300 ## - DESCRIPCIÓN FÍSICA
Extensión 2 v. (XXXV, 516; XVIII, 516 p.) :
Otras características físicas il. ;
Dimensiones 25 cm.
546 ## - NOTA DE IDIOMA
Nota de lengua/lenguaje Textos en español e inglés.
650 #4 - PUNTO DE ACCESO ADICIONAL DE MATERIA--TÉRMINO DE MATERIA
Término de materia o nombre geográfico como elemento de entrada Indios de México.
9 (RLIN) 157375
651 #4 - PUNTO DE ACCESO ADICIONAL DE MATERIA--NOMBRE GEOGRÁFICO
Nombre geográfico México-
Subdivisión general Descripción.
9 (RLIN) 9061
700 1# - ENTRADA AGREGADA--NOMBRE PERSONAL
Nombre de persona Dávalos, Balbino.
9 (RLIN) 42852
852 ## - LOCALIZACIÓN
Ubicación ES-MaACL
Número de control de estantería F-7762-63
Holdings
Estatus retirado Estado de pérdida Estado de daño No para préstamo Biblioteca de origen Biblioteca actual Ubicación en estantería Fecha de adquisición Fuente de adquisición Total de préstamos Signatura topográfica completa Código de barras Visto por última vez Precio de reemplazo Tipo de ítem Koha
        Biblioteca del Ateneo de Madrid Biblioteca del Ateneo de Madrid Sala Pecera Planta 2 17/01/2008     F-7762-63 1099261 23/02/2023 23/02/2023 Libro impreso